000
00309nam a2200097Ia 4500
008
240331s9999 xx 000 0 und d
082
_b
MAR
100
_a
The Sri Lanka Federation of University Women. ed
245
0
_a
Marketable skills training project for unemployed women arts graduates of Sri Lanka
942
_c
L
999
_c
2715
_d
2715